000 01774nam0a2200349 4500
001 RU\NLR\bibl\466242
005 20260406134606.0
010 _a5-98032-279-5
_940000
021 _aRU
_b2003-55630
_92705
035 _a(NLR Aleph) 000459579
090 _a925267
_c925267
100 _a20031128d2003 |||y0rusy50 ca
101 0 _arus
102 _aRU
105 _ay |||||||||
200 1 _aИстория России
_eУчеб. для вузов
_fА.С. Орлов, В.А. Георгиев, Н.Г. Георгиева, Т.А. Сивохина
_gМГУ им. М.В. Ломоносова
205 _a2-е изд., перераб. и доп.
210 _aМ.
_cПроспект
_d2003
215 _a513,[1] с.
_d22
607 _aСССР
_jРуководства, пособия и т.п. для высшей школы
_xИстория
_9912491
_3RU\NLR\auth\6613829
607 _aРоссия
_jУчебники для высших учебных заведений
_xИстория
_91554184
_3RU\NLR\auth\66979780
686 _aТ3(2)я73
701 1 _4070
_8rus
_7ca
_aОрлов
_bА. С.
_cканд. ист. наук, история России
_f1938 -
_gАлександр Сергеевич
_3RU\NLR\AUTH\772328
_9112343
701 1 _4070
_8rus
_7ca
_aГеоргиев
_bВ. А.
_cканд. ист. наук
_gВладимир Анатольевич
_3RU\NLR\auth\7764051
_946980
701 1 _4070
_7ca
_8rus
_aГеоргиева
_bН. Г.
_f1944-
_gНаталья Георгиевна
_9154071
_3RU\NLR\AUTH\770154109
801 0 _aRU
_bNLR
_c20031128
_gPSBO
801 1 _aRU
_bNLR
_c20031128
830 _aАвт. раскрыты по кн.
942 _cBOOK
980 _aNB